Countries with Wild Reindeer - Statistics

General Stats
  • This quiz has been taken 221 times
  • The average score is 9 of 10
Answer Stats
Population Country % Correct
790,000 Canada
100%
640,000 Russia
100%
750,000 United States
99%
~2000 Finland
96%
33,000 Norway (Svalbard)
95%
140,000 Denmark (Greenland)
92%
150 United Kingdom
88%
3000 Iceland
81%
Unknown Mongolia
73%
4000 France (Kerguelen)
57%
No matching quizzes found
Score Distribution
Percent of People with Each Score
Percentile by Number Answered
Your Score History
You have not taken this quiz